00442nam a2200181 a 4500001001300000003000900013005001700022008004100039020000900080082001700089100002000106245002200126260003300148300000800181500003500189650001600224700002000240nice12345678IN_TiNIC20260116012159.0070621s1937 bada grs 000 0 gug  ac1000a220.13bGAI1 aGairdner, W H T aIlham in Gujarati aBadaun bNo Publisher c1937 a48p aincludes index and biblioraphy aInspiration1 aGairdner, W H T